Nommez ces personnes célèbres - Quiz d'images #8 - Statistiques

Statistiques générales
  • Ce quiz a été pris 312 fois
  • Le résultat moyen est 6 sur 15
Statistiques - réponses
Par images Hint Réponse % Correct
Barbade Rihanna
90%
Argentine Che Guevara
84%
France Christine Lagarde
60%
Brésil Ronaldo
59%
Syrie Bachar el-Assad
52%
États-Unis Frank Sinatra
51%
Royaume-Uni Tony Blair
48%
Allemagne Heidi Klum
26%
Nouvelle- Zelande Lorde
24%
Afrique du Sud Oscar Pistorius
23%
Ethiopie Haile Selassie
22%
Republiqué Tchèque Martina Navratilova
19%
Canada Alanis Morissette
18%
Pakistan Benazir Bhutto
13%
Suède Alicia Vikander
12%
Aucun quiz correspondant
Distribution des résultats
% des personnes avec chaque résultat
Percentile par nombre de réponses
Votre historique - résultats
Vous n’avez pas pris ce quiz